| 000 | 00955nam a22002537a 4500 | ||
|---|---|---|---|
| 005 | 20250304150928.0 | ||
| 010 | _aDEC24SC ENG-142986-987 ENG-143956-957 | ||
| 020 |
_a9789358705140 _c599.00 |
||
| 020 |
_a9789358707434 _c749.00 |
||
| 035 | _aEN-126518-519 | ||
| 035 | _aEN-127488-489 | ||
| 037 | _bDBAD | ||
| 082 |
_a510 _251 |
||
| 100 |
_aKhanna, M.L _979252 |
||
| 245 |
_aOBJECTIVE MATHEMATICS Volume 1,2 For All Engineering Entrance Exams _cBy M.L. Khanna [and] Bhushan Muley |
||
| 250 | _a51 | ||
| 260 |
_aNew Delhi _bS Chand and Company Limited _c2024 |
||
| 270 |
_a A-27, 2nd Floor, Mohan Co-operative Industrial Estate _bNew Delhi _e110044 _minfo@schandpublishing.com _k011-49731800 |
||
| 300 |
_a675p.,500p. _c26cm(pb) |
||
| 490 | _vVol 1, Vol 2 | ||
| 500 | _a Chapter wise & Topic Wise 2500+ MCQs | JEE Main | As per NCERT - XII Syllabus | ||
| 700 |
_aMuley, Bhushan _eAuthor _974979 |
||
| 942 |
_2ddc _cEN _h510 _mKHA _e51 |
||
| 999 |
_c207582 _d207582 |
||